| 000 | 00363nam a2200145Ia 4500 | ||
|---|---|---|---|
| 008 | 230917s9999||||xx |||||||||||||| ||und|| | ||
| 040 |
_e42633 _aMAIN |
||
| 041 | _aEnglish | ||
| 082 | _a820.9 G755F | ||
| 100 | _aGradon, Pamels | ||
| 245 | 0 | _aForm and style in early English literature | |
| 260 |
_aLondon _bMethuen _c1971 |
||
| 300 | _ax, 396 p. | ||
| 942 | _cBK | ||
| 999 |
_c187113 _d187113 |
||